000 00294nam a22001337a 4500
008 171005b xxu||||| |||| 00| 0 eng d
020 _a0876302525
041 _aeng
080 _a519.9
100 _a49
101 _aPSI
245 _aLEVELS OF SCHIZOPHRENIA
_cSCHEFLEN,A.E
942 _2udc
_cBK
999 _c31923
_d31923